Odvetvie stavebníctva Slovenskej republiky v čase aktuálnej nepriaznivej ekonomickej situácie
Základná charakteristika stavebníctva v Slovenskej republike. Vývoj základných ukazovateľov stavebníctva v SR (2005-2011). Vývoj podielu stavebníctva na HDP a zamestnanosti (2005-2011). Vývoj objemu stavebnej produkcie (2005-2011) a súčasný stav.
Saved in:
| Main Author: | |
|---|---|
| Other Authors: | |
| Format: | Book Chapter |
| Language: | Slovak |
| Subjects: | |
| Tags: |
No Tags, Be the first to tag this record!
|
MARC
| LEADER | 00000naa$a2200000$$$4500 | ||
|---|---|---|---|
| 001 | 0155251 | ||
| 005 | 20240502072730.0 | ||
| 041 | 0 | |a slo | |
| 044 | |a SK | ||
| 245 | 1 | 0 | |a Odvetvie stavebníctva Slovenskej republiky v čase aktuálnej nepriaznivej ekonomickej situácie |c Marián Židó, Miroslav Uhliar |
| 520 | |a Základná charakteristika stavebníctva v Slovenskej republike. Vývoj základných ukazovateľov stavebníctva v SR (2005-2011). Vývoj podielu stavebníctva na HDP a zamestnanosti (2005-2011). Vývoj objemu stavebnej produkcie (2005-2011) a súčasný stav. | ||
| 610 | 2 | 0 | |a stavebníctvo |
| 610 | 2 | 0 | |a stavby |
| 610 | 2 | 0 | |a produkcia |
| 610 | 2 | 0 | |a objem výroby |
| 610 | 2 | 0 | |a zamestnanosť |
| 610 | 2 | 0 | |a mzdy priemerné |
| 610 | 2 | 0 | |a produkt domáci hrubý |
| 610 | 2 | 0 | |a firmy |
| 610 | 2 | 0 | |a živnostníci |
| 610 | 2 | 0 | |a vývoj |
| 610 | 2 | 0 | |a investície |
| 610 | 2 | 0 | |a Slovensko |
| 100 | 1 | |a Židó, Marián | |
| 700 | 1 | |a Uhliar, Miroslav, 1981- | |